000 01462nam a22004337a 4500
001 T0000783
003 KOHA_MİRAKIL
005 20260207004738.0
007 ta
008 230103b2022 tu |||grm|||#0|||0|tur |
040 _aTR-BiSEU
_btur
_cTR-BiSEU
_erda
041 0 _atur
044 _ctu
050 0 0 _aTez
_b783
100 1 _aDursun, Tahir.
245 1 _aEsat Sagay'ın eğitim alanında yaptığı çalışmalar/
_cTahir Dursun ; Tahir Dursun; danışman Mustafa Serhan Yücel.
264 1 _aBilecik :
_bBilecik Şeyh Edebali Üniversitesi
_c2022
300 _aVI, 97 sayfa: resimli; 30 cm. +
_e1CD-ROM.
336 _ametin
_btxt
_2rdacontent
337 _aaracısız
_bn
_2rdamedia
338 _acilt
_bnc
_2rdacarrier
490 0 _aRef.
490 0 _aNo: 10499551
500 _aKaynakça var.
500 _aİngilizce Eser Adı: Esat Sagay's performance in the field of education.
502 _aTez (Yüksek Lisans) -- Bilecik Şeyh Edebali Üniversitesi Sosyal Bilimler Enstitüsü Tarih Anabilim Dalı, Bilecik, .
650 0 _aMilli Eğitim.
_9129561
650 0 _aEsat SAGAY.
_9129562
650 0 _aYeni Değişiklikler.
_9129563
650 0 _aUygulamalar.
_92467
650 0 _aNational Education.
_9129564
650 0 _aEsat SAGAY.
_9129562
650 0 _aNew Changes.
_9129565
650 0 _aApps.
_9129566
830 0 _aRef.
_9123605
830 0 _aNo: 10499551
_9129567
856 4 0 _uhttps://hdl.handle.net/11552/2808
907 _aYüksek Lisans
942 _2lcc
_cTS
999 _c68650
_d68650